| 000 | 01002 a2200241 4500 | ||
|---|---|---|---|
| 005 | 20240220153037.0 | ||
| 008 | 170215s2011 cl abdogr|||| 001 0 spa d | ||
| 020 | _a9789567889464 | ||
| 040 |
_aCO-BoUCM _bspa _cSandra Palacio _dDavid Moreno (modificó) |
||
| 041 | 0 | _aspa | |
| 060 | _aWA 675 | ||
| 100 | 1 |
_aAedo, María Paz _984204 |
|
| 245 | 1 | 0 |
_aGlaciares andinos _brecursos hídricos y cambio climático. Desafíos para la justicia climática en el Cono Sur _cMaría Paz Aedo, Teresa Montecinos |
| 260 |
_aSantiago de Chile (Chile) _bUniversidad de Chile _c2011 |
||
| 300 |
_a179 Páginas _bilustraciones, mapas, tablas, gráficos, fotografías |
||
| 504 | _aIncluye referencias bibliográficas e índices | ||
| 650 | 1 | 7 |
_97659 _aGlaciares _xCambio climático _zCono sur |
| 650 | 1 | 7 |
_919569 _aMinería _vTratados _zChile |
| 650 | 1 | 7 |
_aMinería _xTratados _zArgentina _984205 |
| 700 | 1 |
_aMontecinos, Teresa _984206 |
|
| 942 |
_cLIBRO _2NLM _a25 _e1 _hWA 675 _mA246g _n0 |
||
| 999 |
_c306024 _d306024 |
||